000 00621nam a22002057a 4500
999 _c18694
_d18694
003 AR-CdUCM
008 190515b ||||| |||| 00| 0 spa d
040 _aMUNICIPALIDAD PROVINCIAL DEL CUSCO
_cBIBLIOTECA MUNICIPAL DEL CUSCO
082 _a869.56 /
_bH51
100 _aHidalgo, Alberto
_95809
245 _aPanoplia lírica /
260 _aLima :
_bImpr. Víctor Fajardo,
_c1917.
300 _aXLIV, 186 páginas ;
_c21 cm.
505 _aContenido: Poesías.
650 _aPoesías peruanas
_91481
650 _aLiteratura peruana
_9169
650 _aSiglo XX
_98
942 _2ddc
_cLIBROS
945 _aachl
_d2019-05-15